| 000 | 00812cab a2200265 4500 | ||
|---|---|---|---|
| 001 | ABS57172 | ||
| 008 | 090401t1997 xxu||||| |||| 00| 0 eng d | ||
| 035 | _a(Sirsi) u79338 | ||
| 041 | _aeng | ||
| 245 | _aEmployees rights following ownership changes | ||
| 260 | _c1997 | ||
| 350 | _a0 | ||
| 490 |
_aEC Background Paper _v(B/11/97) June 1997 (4) |
||
| 520 | _aReports on an EC Memorandum describing and explaining workers rights following a take-over or transfer of the company or undertaking for which they work. | ||
| 650 | _aACQUIRED RIGHTS DIRECTIVE | ||
| 650 | _aAYSE SUZEN V ZEHNACKER | ||
| 650 | _aEC MEMORANDUM | ||
| 650 | _aEMPLOYEE RIGHTS | ||
| 650 | _aEMPLOYMENT LAW | ||
| 650 | _aTRANSFER OF UNDERTAKINGS | ||
| 650 | _aTUPE | ||
| 690 | _aLAW | ||
| 942 | _n0 | ||
| 948 | _c01/07/1997 | ||
| 999 |
_c49864 _d49864 |
||